Normal view
MARC view
- الاغتراب -فلسفة -الفلسفة الإسلامية -الأندلس
Entry Topical Term
001 - CONTROL NUMBER
- control field: 20755
003 - CONTROL NUMBER IDENTIFIER
- control field: JO-AjAnu
005 - DATE AND TIME OF LATEST TRANSACTION
- control field: 20230606073615.0
008 - FIXED-LENGTH DATA ELEMENTS
- fixed length control field: 230606|| aca||aabn | a|a d
040 ## - CATALOGING SOURCE
- Original cataloging agency: JO-AjAnu
- Transcribing agency: JO-AjAnu
150 ## - HEADING--TOPICAL TERM
- Topical term or geographic name entry element: الاغتراب -فلسفة -الفلسفة الإسلامية -الأندلس
670 ## - SOURCE DATA FOUND
- Source citation: Work cat.: (JO-AjAnu)10661: الفيومي،محمد ابراهيم, author 20754, إبن باجة وفلسفة الإغتراب